000 00697nam a2200205Ia 4500
003 GCL
008 140319s9999 xx 000 0 ara d
020 _a5391232977
040 _aGCL /
_cGCL
082 0 4 _a373.28
_bم د
100 1 _aمحمد مصطفى الديب
245 1 0 _aدراسات فى اساليب التعلم التعاونى /
_cمحمد مصطفى الديب
250 _aالاولى
260 _aالقاهرة :
_bعالم الكتب الحديث ،
_c2004
300 _a555 ص ؛
_c30 سم
650 0 4 _aتكنولوجيا التعليم
650 0 4 _aالتعليم التعاونى
650 0 4 _aالتعليم - الجوانب النفسية
942 _2ddc
_cBK
999 _c32187
_d32187